Państwa po losowym obrazku #2 - Statystyki

Ogólne statystyki
  • Ten quiz został rozwiązany 48 razy
  • Średni wynik to 11 z 16
Statystyki odpowiedzi
Obrazkowy Odpowiedź % Poprawnych
Korea Północna
98%
Cypr
95%
Polska
95%
Ukraina
95%
Boliwia
89%
Niemcy
89%
Watykan
80%
Armenia
75%
Bośnia i Hercegowina
75%
Lesotho
68%
Trynidad i Tobago
61%
Panama
50%
Gujana
41%
Litwa
34%
Indonezja
23%
Finlandia
16%
Nie znaleziono quizów pasujących do podanych kryteriów
Rozkład punktacji
Procent ludzi z każdym wynikiem
Percentyl według liczby udzielonych odpowiedzi
Twoja historia wyników
Nie rozwiązałeś tego quizu